Investigating the issues of reading disabilities /

Saved in:
Bibliographic Details
Main Author: Spache, George D. (George Daniel), 1909-
Format: Book
Language:English
Published: Boston : Allyn and Bacon, c1976.
Subjects:
LEADER 00909nam a2200241 i 4500
001 c000009449
003 CARM
005 00000000000000.0
008 751119s1976 maua b 00110 eng
019 1 |a 244334  |5 LACONCORD2021 
020 |a 0205054080 :  |c $15.95 
035 |a (OCoLC)1958384  |5 LACONCORD2021 
050 0 0 |a LB1050.5  |b .S62 
100 1 |a Spache, George D.  |q (George Daniel),  |d 1909- 
245 1 0 |a Investigating the issues of reading disabilities /  |c George D. Spache. 
260 |a Boston :  |b Allyn and Bacon,  |c c1976. 
300 |a x, 482 p. :  |b ill. ;  |c 24 cm. 
504 |a Includes bibliographies and index. 
650 0 |a Reading disability. 
852 8 |b CARM  |h A2:AM24C0  |i D03846  |p 0178535  |f BK 
082 0 4 |a 428/.4/2 
999 f f |i 736a0c72-9493-543d-bffc-59b27f3af87e  |s 11e38796-3280-5ab0-8831-77a553542f88 
952 f f |p Can circulate  |a CAVAL  |b CAVAL  |c CAVAL  |d CARM 1 Store  |e D03846  |f A2:AM24C0  |h Other scheme  |i book  |m 0178535